| 000 | 01493cam a2200457 a 4500 | ||
|---|---|---|---|
| 999 |
_c7662 _d7662 |
||
| 001 | 7662 | ||
| 003 | BD-JhCC | ||
| 005 | 20191214134152.0 | ||
| 008 | 020607s1994 enka 000 0 eng d | ||
| 020 | _a9780521426763 | ||
| 020 | _a0521426766 | ||
| 020 | _a9780521426770 | ||
| 020 | _a0521426774 | ||
| 020 | _a9780521154970 | ||
| 020 | _a0521154979 | ||
| 020 | _a9780521586511 | ||
| 020 | _a0521586518 | ||
| 029 | _aR9442 | ||
| 035 | _aCURL 018989588685(Cam) from wk442982 | ||
| 035 | _a(UkOxU)UkOxUb11092511 | ||
| 035 | _a(BD-JhCC)7662 | ||
| 035 | _a1319344 | ||
| 040 |
_aBD-JhCC _dBD-JhCC |
||
| 041 | _aeng | ||
| 082 |
_bSPR 1994 _a428.007 |
||
| 100 | 1 | _aSpratt, Mary. | |
| 245 | 1 | 0 |
_aEnglish for the teacher : _ba language development course / _cMary Spratt. |
| 260 |
_aCambridge : _bCambridge University Press, _c1994. |
||
| 300 |
_axi, 158 p. : _bill. ; _c25 cm. + _e2 sound discs (digital, stereo. ; 4.75 in.). |
||
| 490 | 1 | _aCambridge teacher training and development | |
| 500 | _aLow price edition published: 1996. | ||
| 500 | _aAudio transferred to CD 2010. | ||
| 505 | 1 | _aBook -- Low price edition -- Audio CD[s] (set of 2 sound discs). | |
| 650 | 0 |
_aEnglish language _xStudy and teaching _xForeign speakers. |
|
| 650 | 0 |
_aEnglish language _vTextbooks for foreign speakers. |
|
| 650 | 0 |
_aEnglish teachers _xTraining of. |
|
| 650 | 0 | _aTeachers, Foreign. | |
| 830 | 0 | _aCambridge teacher training and development. | |
| 942 |
_2ddc _cBK |
||